000 00328nam a2200133Ia 4500
008 220204s9999 xx 000 0 und d
082 _a657.4
_bJAI
100 _aJain, S P
245 0 _aAdvance cost accounting
260 _aNew Delhi
_bKalayani Publ
_c1982
650 _aCost accounting
700 _aNarang, K L
942 _cBK
999 _c31470
_d31470